Culture G commençant par W - Statistiques

Statistiques générales
  • Ce quiz a été pris 221 fois
  • Le résultat moyen est 19 sur 30
Statistiques - réponses
Questions Réponses % Correct
Capitale et nom d'un président Washington
96%
Les trains en contiennent Wagon
95%
On cherche cette connexion partout où l'on va Wifi
95%
Nom anglais désignant le samedi et le dimanche Week-end
93%
L'encyclopédie du net Wikipédia
93%
Unité de mesure de la puissance électrique Watt
90%
Dire que c'est faux en anglais Wrong
90%
Nom de famille de Serena et Venus Williams
89%
Console de jeu Wii
87%
Alcool fort proche de l'Irlande Whisky
84%
Région culturelle et historique de la Belgique Wallonie
83%
Capitale de la Nouvelle-Zélande Wellington
81%
Taïro en fumera ce soir de la bonne Weed
79%
Nom de famille d'un célèbre golfeur prénommé Tuger Woods
77%
Sandwich roulé avec garniture à l'intérieur Wrap
75%
Plus gros cervidé du monde après l'élan Wapiti
74%
Le premier foyer du Covid-19 Wuhan
70%
Fédération gérant le catch mondial WWE
56%
Nom de famille chinois signifiant "roi" Wang
55%
Fait de lever la roue avant d'un vélo ou d'une moto Wheeling
55%
Langue du Sénégal, de la Gambie et de la Mauritanie Wolof
42%
Sport nautique mélangeant surf, ski nautique et snow Wakeboard
32%
Capitale de l'état canadien du Manitoba Winnipeg
29%
Ville allemandes ayant au moins 100 000 habitants Wuppertal / Wiesbaden / Wolfsbourg / Wurtzbourg
29%
Principe consistant a travaillerMais à être nourri et loger gratuitement Woofing
28%
Organisation fictive de la série Totally Spies WOOHP
28%
Marsupial australien aimé pour sa fourrure Wombat
27%
Nom nordique d'une serpillère Wassingue
22%
Ancien pilote de F1 australien ayant gagné 9 courses Webber
17%
Figure faisant passer l'arrière de la moto à l'avant Whip
8%
Aucun quiz correspondant
Distribution des résultats
% des personnes avec chaque résultat
Percentile par nombre de réponses
Votre historique - résultats
Vous n’avez pas pris ce quiz